000 00493nam a2200181Ia 4500
001 25377
005 20260414151146.0
008 260414t2007||||xx |||||||||||||| ||spa||
041 _aESP
082 _a346.5
_bL13 II-1
100 _aLacruz Berdejo, José Luis
_eAUT
245 0 _aElementos de derecho civil :
_bderecho de obligaciones. Parte general. Teoría general del contrato
260 _c2007
300 _a
_c24 cm.
650 _aDER
654 _aCDE
942 _cLIB
_dJUS
_fJUS
_2ddc
_n
999 _c25377
_d25377